Dieťa a jarná zelenina alebo kŕmte bezpečnou lyžicou

Bibliographic Details
Main Author: Bukovský, Igor, 1966- (Author)
Format: Article
Language:Slovak
PhysicalDescription:Obr.
ISSN:1335-0919
Subjects:

MARC

LEADER 00000nab a2200000 a 4500
001 vtls000800179
003 SK-MaSNL
005 20260304115102.0
008 250429c1999 xo 0 slo
015 |a SNBRB2002/07-23727 
035 |a CLN000151834 
035 |a urn:nbn:sk:snk-ab6yar 
035 |a (uuid)38149b13-bd8e-446a-8bb5-cc67a017b15b 
035 |a (urnnbn)urn:nbn:sk:snk:ar-a069j4 
035 |a (sysno)vtls000800179 
040 |a SNKBUCL  |b slo  |c SNKBUCL  |e AACR2 
041 0 |a slo 
044 |a xo  |c SK 
080 |a 613.22  |2 1997 
100 1 |a Bukovský, Igor,  |d 1966-  |4 aut  |9 132858 
245 1 0 |a Dieťa a jarná zelenina alebo kŕmte bezpečnou lyžicou  |c Igor Bukovský 
300 |b Obr. 
650 0 7 |a výživa  |2 snkbucl  |9 2615 
650 0 7 |a deti  |2 snkbucl  |9 773 
650 0 7 |a zelenina  |2 snkbucl  |9 2731 
650 0 7 |a liečivé rastliny  |2 snkbucl  |9 3510 
655 7 |a články z novín a časopisov  |2 snkbucl  |9 267496 
773 0 |t Dieťa nielen pre rodičov  |g Roč. 5, č. 2 (1999), s. 46-47  |x 1335-0919 
850 |a Slovenská národná knižnica 
852 |a Slovenská národná knižnica 
954 |a odborná, vedecká literatúra pôvodná (slovenská)  |2 lita 
958 |a article27 
958 |a MI 
958 |a OND 
958 |a EUIPO 
999 |c 2874849  |d 2876779